Paul McCartney Solo/Wings Songs - Statistics

General Stats
  • This quiz has been taken 527 times
    367 since last reset
  • The average score is 73 of 305
Answer Stats
Album Song % Correct
Band on the Run Band on the Run
86%
McCartney Maybe I'm Amazed
85%
Band on the Run Jet
78%
Ram Uncle Albert/Admiral Halsey
72%
Give My Regards to Broad Street | Wings at the Speed of Sound Silly Love Songs
70%
Venus and Mars Venus and Mars
70%
Venus and Mars Venus and Mars (Reprise)
70%
Ram Ram On
66%
Ram Ram On (Reprise)
66%
Band on the Run Nineteen Hundred and Eighty-Five
65%
Ram Too Many People
65%
McCartney Junk
64%
Pipes of Peace Pipes of Peace
63%
Ram The Back Seat of My Car
62%
McCartney II Coming Up
61%
Tug of War Tug of War
61%
Band on the Run Bluebird
60%
Wings at the Speed of Sound Let 'Em In
60%
London Town London Town
60%
McCartney The Lovely Linda
60%
Band on the Run Mrs. Vandebilt
59%
Red Rose Speedway My Love
59%
Band on the Run Let Me Roll It
58%
Ram Monkberry Moon Delight
58%
Pipes of Peace Say Say Say
58%
Tug of War Ebony and Ivory
57%
Band on the Run Picasso's Last Words (Drink To Me)
57%
McCartney II Temporary Secretary
57%
Wild Life Wild Life
55%
Band on the Run Mamunia
53%
Press To Play Press
53%
Venus and Mars Rock Show
53%
Ram 3 Legs
51%
NEW New
51%
Flaming Pie Flaming Pie
50%
Tug of War Here Today
49%
Give My Regards to Broad Street No More Lonely Nights
49%
Ram Dear Boy
47%
McCartney Every Night
47%
Venus and Mars Listen to What the Man Said
47%
Ram Long Haired Lady
46%
Ram Eat at Home
45%
Ram Smile Away
45%
London Town With a Little Luck
44%
Ram Heart of the Country
43%
Band on the Run Helen Wheels
42%
Band on the Run No Words
42%
Off the Ground Off the Ground
42%
McCartney Teddy Boy
42%
Back to the Egg Arrow Through Me
41%
Venus and Mars Magneto and Titanium Man
41%
Venus and Mars Medicine Jar
41%
Flowers in the Dirt My Brave Face
41%
McCartney II Waterfalls
41%
Red Rose Speedway Big Barn Bed
39%
Wild Life Bip Bop
38%
Wild Life Dear Friend
38%
Venus and Mars Letting Go
38%
Wings at the Speed of Sound Cook of the House
37%
Red Rose Speedway Medley: Hold Me Tight/Lazy Dynamite/Hands of Love/Power Cut
37%
Back to the Egg Getting Closer
36%
Run Devil Run Run Devil Run
36%
McCartney Hot as Sun/Glasses
35%
Chaos and Creation in the Backyard Jenny Wren
35%
Give My Regards to Broad Street | Tug of War Wanderlust
35%
Driving Rain Driving Rain
34%
Egypt Station Fuh You
34%
Venus and Mars Treat Her Gently - Lonely Old People
34%
Give My Regards to Broad Street Eleanor Rigby
33%
Venus and Mars Spirits of Ancient Egypt
33%
Off the Ground Hope of Deliverance
32%
Tug of War Take It Away
32%
McCartney That Would Be Something
32%
Wild Life Tomorrow
32%
Wings at the Speed of Sound Beware My Love
31%
Red Rose Speedway Little Lamb Dragonfly
31%
McCartney Man We Was Lonely
31%
Give My Regards to Broad Street Yesterday
31%
London Town Cafe on the Left Bank
30%
McCartney Kreen-Akrore
30%
McCartney Momma Miss America
30%
Wild Life Mumbo
30%
Wings at the Speed of Sound She's My Baby
30%
McCartney Singalong Junk
30%
Give My Regards to Broad Street | Tug of War Ballroom Dancing
29%
Memory Almost Full Dance Tonight
29%
Venus and Mars Love in Song
29%
Back to the Egg Old Siam, Sir
29%
Flaming Pie Calico Skies
28%
McCartney II Frozen Jap
28%
Kisses on the Bottom My Valentine
28%
McCartney Oo You
28%
Give My Regards to Broad Street | Pipes of Peace So Bad
28%
Pipes of Peace Tug of Peace
28%
Flaming Pie Beautiful Night
27%
Venus and Mars Call Me Back Again
27%
London Town Girlfriend
27%
Red Rose Speedway Loup (1st Indian on the Moon)
27%
Wild Life Love Is Strange
27%
Back to the Egg Rockestra Theme
27%
Red Rose Speedway Single Pigeon
27%
Pipes of Peace The Man
27%
Flowers in the Dirt This One
27%
Egypt Station Come On to Me
26%
Chaos and Creation in the Backyard Fine Line
26%
Back to the Egg Reception
26%
Back to the Egg Spin It On
26%
Wings at the Speed of Sound Warm and Beautiful
26%
Wings at the Speed of Sound Wino Junko
26%
Venus and Mars You Gave Me the Answer
26%
Back to the Egg Baby's Request
25%
London Town Deilver Your Children
25%
Give My Regards to Broad Street For No One
25%
Tug of War Get It
24%
Driving Rain I Do
24%
London Town I'm Carrying
24%
McCartney II One of These Days
24%
NEW Queenie Eye
24%
Wild Life Some People Never Know
24%
Tug of War The Pound is Sinking
24%
McCartney Valentine Day
24%
London Town Children Children
23%
Venus and Mars Crossroads
23%
McCartney II Darkroom
23%
Wild Life I Am Your Singer
23%
London Town I've Had Enough
23%
Wings at the Speed of Sound The Note You Never Wrote
23%
Flaming Pie The World Tonight
23%
Pipes of Peace Average Person
22%
Flowers in the Dirt Distractions
22%
Flowers in the Dirt Figure of Eight
22%
Flowers in the Dirt Put It There
22%
Flaming Pie The Song We Were Singing
22%
Red Rose Speedway Get on the Right Thing
21%
Give My Regards to Broad Street Here, There, and Everywhere
21%
Back to the Egg Again and Again and Again
20%
NEW Alligator
20%
Off the Ground Biker Like an Icon
20%
Tug of War Dress Me Up as a Robber
20%
Chaos and Creation in the Backyard English Tea
20%
Egypt Station I Don't Know
20%
London Town Morse Moose and the Grey Goose
20%
Wings at the Speed of Sound Must Do Something About It
20%
McCartney II On the Way
20%
Tug of War Somebody Who Cares
20%
Press To Play Stranglehold
20%
Flowers in the Dirt We Got Married
20%
Tug of War What's That You're Doing?
20%
Flaming Pie Young Boy
20%
McCartney II Bogey Music
19%
London Town Cuff Link
19%
London Town Famous Groupies
19%
Flaming Pie Great Day
19%
Flowers in the Dirt Rough Ride
19%
NEW Save Us
19%
Wings at the Speed of Sound Time to Hide
19%
Memory Almost Full Ever Present Past
18%
Driving Rain Freedom
18%
Flowers in the Dirt Motor of Love
18%
Press To Play Only Love Remains
18%
Red Rose Speedway Only One More Kiss
18%
Back to the Egg The Broadcast
18%
Back to the Egg We're Open Tonight
18%
Red Rose Speedway When the Night
18%
Back to the Egg Winter Rose / Love Awake
18%
Press To Play Angry
17%
Off the Ground C'Mon People
17%
Press To Play Footprints
17%
Flaming Pie Somedays
17%
Pipes of Peace The Other Me
17%
Back to the Egg After the Ball / Million Miles
16%
London Town Backwards Traveller
16%
McCartney II Front Parlour
16%
Pipes of Peace Keep Under Cover
16%
Give My Regards to Broad Street Not Such a Bad Boy
16%
Wings at the Speed of Sound San Ferry Anne
16%
Pipes of Peac Sweetest Little Show
16%
Flowers in the Dirt That Day is Done
16%
Memory Almost Full The End of the End
16%
NEW Early Days
15%
Chaos and Creation in the Backyard Friends to Go
15%
Press To Play Good Time Coming/Feel the Sun
15%
Flowers in the Dirt How Many People
15%
Off the Ground Looking for Changes
15%
Off the Ground Mistress and Maid
15%
Memory Almost Full Mr. Bellamy
15%
London Town Name and Address
15%
McCartney II Nobody Knows
15%
Memory Almost Full Only Mama Knows
15%
McCartney II Summer's Day Song
15%
Give My Regards to Broad Street The Long and Winding Road
15%
Pipes of Peace Through Our Love
15%
Back to the Egg To You
15%
Flowers in the Dirt You Want Her Too
15%
Chaos and Creation in the Backyard Anyway
14%
Egypt Station Back in Brazil
14%
Give My Regards to Broad Street Good Day Sunshine
14%
Flaming Pie Heaven on a Sunday
14%
Flaming Pie Little Willow
14%
Give My Regards to Broad Street No Values
14%
Egypt Station Opening Station
14%
Back to the Egg So Glad to See You Here
14%
Flaming Pie Souvenir
14%
Chaos and Creation in the Backyard Too Much Rain
14%
London Town Don't Let It Bring You Down
13%
Driving Rain From a Lover to a Friend
13%
Driving Rain Heather
13%
Pipes of Peace Hey Hey
13%
NEW On My Way to Work
13%
Press To Play Pretty Little Head
13%
Chaos and Creation in the Backyard Riding to Vanity Fair
13%
Press To Play Talk More Talk
13%
Egypt Station Who Cares
13%
Tug of War Be What You See (Link)
12%
Memory Almost Full House of Wax
12%
Press To Play However Absurd
12%
Chaos and Creation in the Backyard How Kind of You
12%
Off the Ground Winedark Open Sea
12%
Egypt Station Confidante
11%
Egypt Station Despite Repeated Warnings
11%
Egypt Station Hunt You Down/Naked/C-Link
11%
Memory Almost Full Nod Your Head
11%
Off the Ground Peace in the Neighbourhood
11%
Driving Rain Rinse the Raindrops
11%
Egypt Station Dominoes
10%
Give My Regards to Broad Street Eleanor's Dream
10%
Driving Rain Magic
10%
Press To Play Move Over Busker
10%
Run Devil Run No Other Baby
10%
Egypt Station Station II
10%
Chaos and Creation in the Backyard This Never Happened Before
10%
Memory Almost Full Vintage Clothes
10%
Chaos and Creation in the Backyard A Certain Softness
9%
NEW Appreciate
9%
NEW Everybody Out There
9%
Off the Ground Golden Earth Girl
9%
Flaming Pie If You Wanna
9%
Off the Ground I Owe It All to You
9%
Egypt Station People Want Peace
9%
Flaming Pie Really Love You
9%
Driving Rain She's Given Up Talking
9%
Memory Almost Full That Was Me
9%
Flaming Pie Used to Be Bad
9%
Run Devil Run All Shook Up
8%
Chaos and Creation in the Backyard At the Mercy
8%
Run Devil Run Brown Eyed Handsome Man
8%
Egypt Station Caesar Rock
8%
Flowers in the Dirt Don't Be Careless Love
8%
Chaos and Creation in the Backyard Follow Me
8%
Off the Ground Get Out of My Way
8%
Give My Regards to Broad Street Goodnight Princess
8%
Egypt Station Hand in Hand
8%
Egypt Station Happy with You
8%
NEW Hosanna
8%
Driving Rain Lonely Road
8%
NEW Looking At Her
8%
Run Devil Run Party
8%
Chaos and Creation in the Backyard Promise to You Girl
8%
NEW Road
8%
Egypt Station Do It Now
7%
Memory Almost Full Gratitude
7%
Memory Almost Full See Your Sunshine
7%
Off the Ground The Lovers That Never Were
7%
Driving Rain Tiny Bubble
7%
Run Devil Run Blue Jean Bop
6%
NEW I Can Bet
6%
Run Devil Run Lonesome Town
6%
Driving Rain Riding into Jaipur
6%
Driving Rain Spinning on an Axis
6%
Driving Rain Your Loving Flame
6%
Driving Rain Your Way
6%
Memory Almost Full You Tell Me
6%
Run Devil Run Coquette
5%
Memory Almost Full Feet in the Clouds
5%
Run Devil Run She Said Yeah
5%
Kisses on the Bottom The Inch Worm
5%
Driving Rain About You
4%
NEW Get Me Out of Here
4%
Run Devil Run Try Not to Cry
4%
NEW Turned Out
4%
Kisses on the Bottom Always
3%
Egypt Station Get Started
3%
Kisses on the Bottom Home (When Shadows Fall)
3%
Run Devil Run Honey Hush
3%
Run Devil Run I Got Stung
3%
Kisses on the Bottom I'm Gonna Sit Right Down and Write Myself a Letter
3%
Kisses on the Bottom It's Only a Paper Moon
3%
Run Devil Run Movie Magg
3%
Egypt Station Nothing for Free
3%
Run Devil Run Shake a Hand
3%
Kisses on the Bottom Ac-Cent-Tchu-Ate the Positive
2%
Driving Rain Back in the Sunshine Again
2%
Kisses on the Bottom Bye Bye Blackbird
2%
Run Devil Run Fabulous
2%
Kisses on the Bottom My Very Good Friend the Milkman
2%
Run Devil Run What It is
2%
Kisses on the Bottom Get Yourself Another Fool
1%
Kisses on the Bottom More I Cannot Wish You
1%
Kisses on the Bottom Only Our Hearts
1%
Kisses on the Bottom The Glory of Love
1%
Kisses on the Bottom We Three (My Echo, My Shadow and Me)
1%
No matching quizzes found
Score Distribution
Percent of People with Each Score
Percentile by Number Answered
Your Score History
You have not taken this quiz since the last reset